01703cam a22003857a 4500003000500000005001700005008004100022010001000063011001000073035001000083040000900093090001000102100003400112245014100146260004100287300003000328502007700358590003700435590004100472590004100513590004100554590004200595650003700637650002700674901000700701905002400708942000900732949005500741949005500796949004200851999001700893952014000910952014001050952012701190CHAP20220329142018.0990215d1998 mx r 00110 spa d a77035 a78007 a87792 cCHAP aTesis00aMuñoz Herrera, Joel.97961510aEstimación del requerimiento de calor para la brotación de las yemas de manzano ( Malus domestica Borkh.)c/por Joel Muñoz Herrera aChapingo, Méx. :bEl autor,c1998. a52 h. :bilus. , gráfs. aTesis (Ing. Agr. Esp. en Fitotecnia) -- UACH. Depratamento de Fitotecnia aALEPHb10c20130110lUCH01h1427 aBATCH-UPDb10c20130110lUCH01h0359 aBATCH-UPDb10c20130410lUCH01h0033 aBATCH-UPDb10c20130914lUCH01h0825 aCONVERSIONb10c20130109lUCH01h134214aCalorxEfecto en plantas.91757314aManzanaxYemas.970814 aBK aMayto Villalobos S. cFOLL bBCcTESd33724000710349eTS2fc.2h33639i87792sb bBCcTESd33724000761664eTS2fc.3h35774i87792si bBCcTESd877921eTS1h33638i87792sb c77035d77035 00102local4053708TESISaBCbBCcPA_TESISd2019-12-31fTESISl0oTesisp33724000710349r2019-12-31 00:00:00tc.2w2019-12-31yTESIS 00102local4053708TESISaBCbBCcPA_TESISd2019-12-31fTESISl0oTesisp33724000761664r2019-12-31 00:00:00tc.3w2019-12-31yTESIS 00102local4051708TESISaBCbBCcPA_TESISd2019-12-31fTESISl0oTesisp877921r2019-12-31 00:00:00w2019-12-31yTESIS